| 000 | 00338nam a2200133Ia 4500 | ||
|---|---|---|---|
| 008 | 211118s9999||||xx |||||||||||||| ||und|| | ||
| 082 |
_a920 _bFRE-H |
||
| 100 | _aFrenz, Albrecht | ||
| 245 | 0 | _aDr.Hermann Gundert | |
| 260 |
_bDC Books _aKottayam _c1991 |
||
| 630 | _xGeneral Stack | ||
| 650 |
_aHistory _vBiographyMalayalam |
||
| 942 | _cBOOK | ||
| 999 |
_c96929 _d96929 |
||